Cicely Mary Barker's Flower Fairies: Fairies of the Spring - Statistics

General Stats
  • This quiz has been taken 2 times
  • The average score is 7 of 20
Answer Stats
Answer % Correct
Crocus
100%
Daffodil
100%
Bluebell
50%
Celandine
50%
Daisy
50%
Dandelion
50%
Dog-Violet
50%
Heart's-Ease
50%
Lords-and-Ladies
50%
May
50%
Wood-Sorrel
50%
Colt's-Foot
0%
Cowslip
0%
Lady's-Smock
0%
Larch
0%
Primrose
0%
Speedwell
0%
Stitchwort
0%
Willow-Catkin
0%
Windflower
0%
No matching quizzes found
Score Distribution
Percent of People with Each Score
Percentile by Number Answered
Your Score History
You have not taken this quiz